<?xml version="1.0" encoding="UTF-8"?>
<record
    xmlns:xsi="http://www.w3.org/2001/XMLSchema-instance"
    xsi:schemaLocation="http://www.loc.gov/MARC21/slim http://www.loc.gov/standards/marcxml/schema/MARC21slim.xsd"
    xmlns="http://www.loc.gov/MARC21/slim">

  <leader>01395    a2200193   4500</leader>
  <controlfield tag="001">48561</controlfield>
  <controlfield tag="005">20260407155750.0</controlfield>
  <controlfield tag="008">260407a1971    arg                 spa d</controlfield>
  <controlfield tag="003">AR-UNSa-BCEJYS</controlfield>
  <datafield tag="040" ind1=" " ind2=" ">
    <subfield code="a">AR-UNSa-BCEJYS</subfield>
    <subfield code="b">spa</subfield>
    <subfield code="c">AR-UNSa-BCEJYS</subfield>
  </datafield>
  <datafield tag="080" ind1=" " ind2=" ">
    <subfield code="a">330.8</subfield>
    <subfield code="x">Historia de las teor&#xED;as, Doctrinas, Dogmas econ&#xF3;micos (pensamiento econ&#xF3;mico)</subfield>
  </datafield>
  <datafield tag="245" ind1="1" ind2="0">
    <subfield code="a">Historia sobre del pensamiento econ&#xF3;mico</subfield>
  </datafield>
  <datafield tag="264" ind1=" " ind2="1">
    <subfield code="a">Barcelona :</subfield>
    <subfield code="b">Ariel</subfield>
    <subfield code="c">1971</subfield>
  </datafield>
  <datafield tag="300" ind1=" " ind2=" ">
    <subfield code="a">356 p.</subfield>
    <subfield code="c">21 cm.</subfield>
  </datafield>
  <datafield tag="505" ind1=" " ind2=" ">
    <subfield code="a">1. La historia del pensamiento econ&#xF3;mico seg&#xFA;n Joseph A. Schumpeter - 2. La creaci&#xF3;n de erarios p&#xFA;blicos en Espa&#xF1;a: El proyecto de  Pedro de Oudegherste - 3. Algunos comentarios a la publicaci&#xF3;n del Ensayo sobre la naturaleza del comercio en general, de Cantillon - 4. Jos&#xE9; Cangas Arguelles y el pensamiento econ&#xF3;mico liberal espa&#xF1;ol - 5. Las reflexiones sobre la variaci&#xF3;n del precio del trigo / Juan L&#xF3;pez de Pe&#xF1;alver - 6. La extra&#xF1;a asociaci&#xF3;n de Harriet Taylor y John S. Mill - 7. Thorstein Veblen (1857-1929) - 8. El profesor Schumpeter y el porvenir del sistema econ&#xF3;mico - 9. El control de los precios seg&#xFA;n Galbarith - 10. Galbarith y el nuevo capitalismo americano - 11. La sociedad opulenta, estaci&#xF3;n terminal del capitalismo - 12. La obra de J. A. Schumpeter, veinte a&#xF1;os despu&#xE9;s - </subfield>
  </datafield>
  <datafield tag="942" ind1=" " ind2=" ">
    <subfield code="c">BK</subfield>
  </datafield>
  <datafield tag="590" ind1=" " ind2=" ">
    <subfield code="a">niveau_biblio:m niveau_hierar:0</subfield>
  </datafield>
  <datafield tag="100" ind1="1" ind2=" ">
    <subfield code="a">Estap&#xE9;, Fabi&#xE1;n</subfield>
  </datafield>
  <datafield tag="999" ind1=" " ind2=" ">
    <subfield code="c">4629</subfield>
    <subfield code="d">4629</subfield>
  </datafield>
  <datafield tag="952" ind1=" " ind2=" ">
    <subfield code="0">0</subfield>
    <subfield code="1">0</subfield>
    <subfield code="4">0</subfield>
    <subfield code="7">0</subfield>
    <subfield code="a">BCEJYS</subfield>
    <subfield code="b">BCEJYS</subfield>
    <subfield code="c">16</subfield>
    <subfield code="d">2026-04-07</subfield>
    <subfield code="l">0</subfield>
    <subfield code="o">330.8 E79</subfield>
    <subfield code="p">L12384</subfield>
    <subfield code="r">2026-04-07 15:57:50</subfield>
    <subfield code="w">2026-04-07</subfield>
    <subfield code="y">L</subfield>
  </datafield>
  <datafield tag="952" ind1=" " ind2=" ">
    <subfield code="0">0</subfield>
    <subfield code="1">0</subfield>
    <subfield code="4">0</subfield>
    <subfield code="7">0</subfield>
    <subfield code="a">BCEJYS</subfield>
    <subfield code="b">BCEJYS</subfield>
    <subfield code="c">16</subfield>
    <subfield code="d">2026-04-07</subfield>
    <subfield code="l">0</subfield>
    <subfield code="o">330.8 E79</subfield>
    <subfield code="p">L12383</subfield>
    <subfield code="r">2026-04-07 15:57:50</subfield>
    <subfield code="w">2026-04-07</subfield>
    <subfield code="y">L</subfield>
  </datafield>
</record>
